000 00483nam a2200145 a 4500
001 000038836
005 20210628132527.0
008 130426s1993 dr a 000 0 spa d
040 _aDO-SdBNP
_bspa
_cBNPHU
100 1 _aSantana, Isidoro
_98486
245 1 0 _aReforma social :
_buna agenda para combatir la pobreza /
_cIsidro Santana, Magdalena Rathe.
260 _aSanto Domingo :
_bFundación Siglo 21 ,
_c1993.
300 _a277 p. :
_bil. ;
_c23 cm.
700 1 _aRathe, Magdalena
_936842
999 _c38326
_d38326